| 000 | 00756cas a2200205 4500 | ||
|---|---|---|---|
| 040 | _cCOO | ||
| 082 | _a200 SOC 2020 C023 Or. | ||
| 110 | 2 | _aSociety for the Scientific Study of Religion. | |
| 245 | 1 | 0 | _aBook of abstracts. |
| 260 |
_a[s.l.] _bSociety for the Scientific Study of Religion. |
||
| 300 |
_av. _c23 cm. |
||
| 500 | _a"Annual meeting, Society for the Scientific Study of Religion in conjunction with Religious Research Association and Association of Professors and Research in Religious Education." | ||
| 650 | 0 | _aReligion | |
| 650 | 0 | _aReligion | |
| 650 | 0 | _aReligion | |
| 650 | 0 | _aReligion | |
| 710 | 2 | _aReligious Research Association. | |
| 710 | 2 | _aAssociation of Professors and Researchers in Religious Education. | |
| 942 | _cAEDBB | ||
| 999 |
_c22538 _d22538 |
||